ბათუმის შოთა რუსთაველის სახელმწიფო უნივერსიტეტის ბიბლიოთეკა

A first course in probability / (ბიბ.ჩანაწერი № 50566)

000 -LEADER
fixed length control field 00849cam a2200241 a 4500
001 - CONTROL NUMBER
control field 15387359
005 - DATE AND TIME OF LATEST TRANSACTION
control field 20221114164709.0
008 - FIXED-LENGTH DATA ELEMENTS--GENERAL INFORMATION
fixed length control field 080729s2010 njua b 001 0 eng
020 ## - INTERNATIONAL STANDARD BOOK NUMBER
International Standard Book Number 9780136033134x
041 ## - LANGUAGE CODE
Language code of text/sound track or separate title eng
080 ## - UNIVERSAL DECIMAL CLASSIFICATION NUMBER
Universal Decimal Classification number 519.2(075.8) R-79
100 1# - MAIN ENTRY--PERSONAL NAME
Personal name Ross, Sheldon M.
9 (RLIN) 7102
245 12 - TITLE STATEMENT
Title A first course in probability /
Statement of responsibility, etc. Sheldon Ross.
250 ## - EDITION STATEMENT
Edition statement 8th ed.
264 ## - PRODUCTION, PUBLICATION, DISTRIBUTION, MANUFACTURE, AND COPYRIGHT NOTICE
Place of production, publication, distribution, manufacture Upper Saddle River, N.J. :
Name of producer, publisher, distributor, manufacturer Pearson Prentice Hall,
Date of production, publication, distribution, manufacture, or copyright notice 2010.
300 ## - PHYSICAL DESCRIPTION
Extent xiii, 530 p. :
Other physical details ill. ;
Dimensions 26 cm.
504 ## - BIBLIOGRAPHY, ETC. NOTE
Bibliography, etc. note Includes bibliographical references and index.
650 #0 - SUBJECT ADDED ENTRY--TOPICAL TERM
Topical term or geographic name entry element Probabilities
Form subdivision Textbooks.
9 (RLIN) 7103
653 ## - INDEX TERM--UNCONTROLLED
keyword ალბათობის პირველი კურსი
653 ## - INDEX TERM--UNCONTROLLED
keyword მათემატიკა
856 41 - ELECTRONIC LOCATION AND ACCESS
Materials specified Table of contents only
Uniform Resource Identifier http://www.loc.gov/catdir/toc/ecip0824/2008033720.html
942 ## - ADDED ENTRY ELEMENTS (KOHA)
Source of classification or shelving scheme
Koha item type წიგნი
ეგზემპლარები
Withdrawn status Lost status Source of classification or shelving scheme Damaged status Not for loan Permanent Location Current Location Shelving location Date acquired Cost, normal purchase price Full call number Barcode Date last seen Copy number Price effective from Koha item type Public note
          ბათუმის შოთა რუსთაველის სახელმწიფო უნივერსიტეტის მთავარი ბიბლიოთეკა ბათუმის შოთა რუსთაველის სახელმწიფო უნივერსიტეტის მთავარი ბიბლიოთეკა წიგნსაცავი 2018-12-17 450.00 519.2(075.8) R-79 645 2018-12-17 645 2018-12-17 წიგნი 450 ლ.
          ბათუმის შოთა რუსთაველის სახელმწიფო უნივერსიტეტის მთავარი ბიბლიოთეკა ბათუმის შოთა რუსთაველის სახელმწიფო უნივერსიტეტის მთავარი ბიბლიოთეკა წიგნსაცავი 2018-12-17 450.00 519.2(075.8) R-79 646 2018-12-17 646 2018-12-17 წიგნი 450 ლ.